书目信息 |
| 题名: |
传世名著百部
|
|
| 作者: | 鸠摩罗什 译 | |
| 分册: | 第二十八卷 妙法莲华经 | |
| 出版信息: | 北京 蓝天出版社 1998 |
|
| 页数: | 216页 | |
| 开本: | 19cm | |
| 丛书名: | 传世名著百部 | |
| 单 册: | ||
| 中图分类: | B942.1 , Z227 | |
| 科图分类: | ||
| 主题词: | 大乘--佛经 , 百科全书--中国 | |
| 电子资源: | ||
| ISBN: | 7-80081-834-9 | |
| 000 | 00867oam2 2200289 450 | |
| 001 | 1550870380 | |
| 005 | 20151110121915.08 | |
| 010 | @a7-80081-834-9@dCNY15.60 | |
| 100 | @a20021005d1998 emky0chiy0110 ea | |
| 101 | 1 | @achi@cinc |
| 102 | @aCN@b110000 | |
| 105 | @ay z 000yy | |
| 200 | 1 | @a传世名著百部@Achuan shi ming zhu bai bu@9miao fa lian hua jing@b专著@h第二十八卷@i妙法莲华经@f[印]鸠摩罗什译 |
| 210 | @a北京@c蓝天出版社@d1998 | |
| 215 | @a216页@d19cm | |
| 225 | 2 | @a传世名著百部@v28@i佛道名著 |
| 300 | @a简称:法华经 | |
| 410 | 0 | @12001@@@@@@@a传世名著百部 |
| 517 | 1 | @a法华经@9fa hua jing |
| 517 | 1 | @a妙法莲华经@Amiao fa lian hua jing |
| 606 | 0 | @a大乘@x佛经 |
| 606 | 0 | @a百科全书@x中国 |
| 690 | @aB942.1@v3 | |
| 690 | @aZ227@v4 | |
| 701 | 0 | @a鸠摩罗什@9jiu mo luo shi@4译 |
| 801 | 0 | @aCN@bTSSF@c20150207 |
| 905 | @aZUCC@dZ227@eJY6:28 | |
| 传世名著百部.第二十八卷.妙法莲华经/[印]鸠摩罗什译.-北京:蓝天出版社,1998 |
| 216页;19cm.-(传世名著百部;28.佛道名著) |
| 简称:法华经 |
| ISBN 7-80081-834-9:CNY15.60 |
| ● |
| 相关链接 |
|
|
|
|
正题名:传世名著百部
索取号:Z227/JY6:28
 
预约/预借
| 序号 | 登录号 | 条形码 | 馆藏地/架位号 | 状态 | 备注 |
| 1 | 7852961 | 278529610 | 学院路分馆/ [索取号:Z227/JY6:28] | 在馆 | |
| 2 | 7852962 | 278529629 | 学院路分馆/ [索取号:Z227/JY6:28] | 在馆 | |
| 3 | 7852963 | 278529638 | 学院路分馆/ [索取号:Z227/JY6:28] | 在馆 |